Vzájomný zápočet pohľadávok a záväzkov

Vzájomné započítavanie pohľadávok a záväzkov. Započítavanie pohľadávok v obchodno-záväzkových vzťahoch. Započítavanie pohľadávok v jednoduchom účtovníctve. Účtovanie započítania pohľadávky a záväzku v cudzej mene. Príklady.

Salvato in:
Dettagli Bibliografici
Autore principale: Mintál, Ján
Natura: Capitolo di libro
Lingua:slovacco
Soggetti:
Tags: Aggiungi Tag
Nessun Tag, puoi essere il primo ad aggiungerne!!

MARC

LEADER 00000naa a2200000 4500
001 r048864
005 20231002123905.2
041 0 |a slo 
044 |a SK 
245 1 0 |a Vzájomný zápočet pohľadávok a záväzkov  |c Ján Mintál 
520 |a Vzájomné započítavanie pohľadávok a záväzkov. Započítavanie pohľadávok v obchodno-záväzkových vzťahoch. Započítavanie pohľadávok v jednoduchom účtovníctve. Účtovanie započítania pohľadávky a záväzku v cudzej mene. Príklady. 
610 2 0 |a účtovanie 
610 2 0 |a pohľadávky 
610 2 0 |a záväzky 
610 2 0 |a účtovníctvo jednoduché 
100 1 |a Mintál, Ján